Geology and mineral resources of the Crossville quadrangle, Tennessee, (Record no. 26535)

MARC details
000 -LEADER
fixed length control field 01182cam a22002891 4500
001 - CONTROL NUMBER
control field gs 27000044
003 - CONTROL NUMBER IDENTIFIER
control field DLC
005 - DATE AND TIME OF LATEST TRANSACTION
control field 20260227111331.0
008 - FIXED-LENGTH DATA ELEMENTS--GENERAL INFORMATION
fixed length control field 791013s1925 tnuab s000 0 eng c
010 ## - LIBRARY OF CONGRESS CONTROL NUMBER
LC control number gs 27000044
035 ## - SYSTEM CONTROL NUMBER
System control number (OCoLC)5522384
040 ## - CATALOGING SOURCE
Original cataloging agency U.S. Geol. Survey Library.
Transcribing agency ViHarT
Modifying agency DLC
042 ## - AUTHENTICATION CODE
Authentication code premarc
050 00 - LIBRARY OF CONGRESS CALL NUMBER
Classification number QE165
Item number .A2 no. 33-D
100 1# - MAIN ENTRY--PERSONAL NAME
Personal name Butts, Charles,
Dates associated with a name 1863-1946.
245 10 - TITLE STATEMENT
Title Geology and mineral resources of the Crossville quadrangle, Tennessee,
Statement of responsibility, etc. by Charles Butts and Wilbur A. Nelson. Surveyed in cooperation with the United States Geological Survey.
260 ## - PUBLICATION, DISTRIBUTION, ETC.
Place of publication, distribution, etc. Nashville, Tenn.,
Date of publication, distribution, etc. 1925.
300 ## - PHYSICAL DESCRIPTION
Extent vi, 41 p.
Other physical details XII pl. (incl. fold. maps) tables, diagr.
Dimensions 23 cm.
490 0# - SERIES STATEMENT
Series statement Tennessee. Dept. of Education. Division of Geology. Bulletin 33-D
500 ## - GENERAL NOTE
General note Bound together with Bulletins 33-A and 33-C
500 ## - GENERAL NOTE
General note Plate I folded inside front cover.
504 ## - BIBLIOGRAPHY, ETC. NOTE
Bibliography, etc. note Bibliographical references.
650 #0 - SUBJECT ADDED ENTRY--TOPICAL TERM
Topical term or geographic name entry element Geology
Geographic subdivision Tennessee
650 #0 - SUBJECT ADDED ENTRY--TOPICAL TERM
Topical term or geographic name entry element Mines and mineral resources
Geographic subdivision Tennessee
700 1# - ADDED ENTRY--PERSONAL NAME
Personal name Nelson, Wilbur Armistead,
Dates associated with a name 1889- ,
Relator term joint author.
740 0# - ADDED ENTRY--UNCONTROLLED RELATED/ANALYTICAL TITLE
Uncontrolled related/analytical title Crossville quadrangle, Geology and mineral resources of the.

No items available.

Powered by Koha